বঙ্গুবন্ধুর পররাষ্ট্র নীতি বাংলাদেশ, দক্ষিণ এশিয়া ও সাম্প্রতিক বিশ্ব / (Record no. 40689)
[ view plain ]
| 000 -LEADER | |
|---|---|
| fixed length control field | 01021nam a2200229 a 4500 |
| 001 - CONTROL NUMBER | |
| control field | 40689 |
| 003 - CONTROL NUMBER IDENTIFIER | |
| rucl marc code | BD-RjUL |
| 005 - DATE AND TIME OF LATEST TRANSACTION | |
| control field | 20211209053251.0 |
| 008 - FIXED-LENGTH DATA ELEMENTS--GENERAL INFORMATION | |
| fixed length control field | 160509s1996 bg ||||| |||| 00| 0 ben d |
| 020 ## - INTERNATIONAL STANDARD BOOK NUMBER | |
| International Standard Book Number | 984401347x |
| Terms of availability | : TK 60.00 |
| 035 ## - SYSTEM CONTROL NUMBER | |
| System control number | (BD-RjUL)40804 |
| 040 ## - CATALOGING SOURCE | |
| Original cataloging agency | BD-RjUL |
| Language of cataloging | ben |
| Transcribing agency | BD-RjUL |
| 041 ## - LANGUAGE CODE | |
| Language code of text/sound track or separate title | ben |
| 082 ## - DEWEY DECIMAL CLASSIFICATION NUMBER | |
| Edition number | 23 |
| Classification number | 327.5492 |
| Author mark and year | HOB 1996 |
| 100 ## - MAIN ENTRY--PERSONAL NAME | |
| Personal name | হোসেন, সৈয়দ আনোয়ার |
| 9 (RLIN) | 125181 |
| 245 10 - TITLE STATEMENT | |
| Title | বঙ্গুবন্ধুর পররাষ্ট্র নীতি বাংলাদেশ, দক্ষিণ এশিয়া ও সাম্প্রতিক বিশ্ব / |
| Statement of responsibility, etc. | সৈয়দ আনোয়ার হোসেন |
| 260 ## - PUBLICATION, DISTRIBUTION, ETC. (IMPRINT) | |
| Place of publication, distribution, etc. | ঢাকা : |
| Name of publisher, distributor, etc. | আগামী প্রকাশনী, |
| Date of publication, distribution, etc. | ১৯৯৬ |
| 300 ## - PHYSICAL DESCRIPTION | |
| Pagination | ৮৭ পৃ. ; |
| Size | ২১ সেমি. |
| 650 ## - SUBJECT ADDED ENTRY--TOPICAL TERM | |
| Topical term or geographic name as entry element | বৈ্দেশিক সম্পর্ক |
| Geographic subdivision | বাংলাদেশ |
| 9 (RLIN) | 125182 |
| Topical term or geographic name as entry element | Foreign Relation |
| Geographic subdivision | Bangladesh |
| 9 (RLIN) | 125183 |
| 942 ## - ADDED ENTRY ELEMENTS (KOHA) | |
| Source of classification or shelving scheme | Dewey Decimal Classification |
| Koha item type | Books |
| Lost status | Source of classification or shelving scheme | Damaged status | Not for loan | Collection code | Permanent Location | Current Location | Shelving location | Date acquired | Source of acquisition | Cost, normal purchase price | Total Checkouts | Total Renewals | Full call number | Date last seen | Date checked out | Copy number | Koha item type |
|---|---|---|---|---|---|---|---|---|---|---|---|---|---|---|---|---|---|
| Dewey Decimal Classification | Non-fiction | Central Library, University of Rajshahi | Central Library, University of Rajshahi | 10/01/1999 | Agami Prokashoni | 60.00 | 5 | 1 | B 327.5492 HOB 1996 | 05/12/2018 | 10/09/2018 | C-2 | Books | ||||
| Dewey Decimal Classification | Non-fiction | Central Library, University of Rajshahi | Central Library, University of Rajshahi | 10/01/1999 | Agami Prokashoni | 60.00 | 1 | B 327.5492 HOB 1996 | 15/09/2019 | 03/09/2019 | C-3 | Books | |||||
| Dewey Decimal Classification | Not For Loan | Non-fiction | Central Library, University of Rajshahi | Central Library, University of Rajshahi | Reading Room | 10/01/1999 | Alisa prokasoni | 60.00 | B 327.5492 HOB 1996 | 31/01/2017 | C-1 | Books |